[Event "PRVA LIGA CENTRALNE SRBIJE 2018."]
[Site "Kragujevac,hotel Sumarice"]
[Date "2018.09.15"]
[Round "3.1"]
[White "Atakisi, Umut"]
[Black "Atalik, Suat"]
[Result "1/2-1/2"]
[WhiteElo "2397"]
[BlackElo "2512"]
[PlyCount "72"]
[EventDate "2018.09.14"]
[WhiteTeam "OSK Paracin  Paracin"]
[BlackTeam "Borac Cacak"]

1. e4 e6 2. d4 d5 3. Nd2 Nf6 4. e5 Nfd7 5. Bd3 c5 6. c3 Nc6 7. Ne2 cxd4 8. cxd4
f6 9. exf6 Nxf6 10. O-O Bd6 11. Nf3 O-O 12. Bf4 Bxf4 13. Nxf4 Ng4 14. g3 g5 15.
Ng2 Qf6 16. Be2 Nh6 17. Ne3 Nf5 18. Nxf5 exf5 19. Ne5 Nxe5 20. dxe5 Qxe5 21.
Bf3 Qxb2 22. Qxd5+ Kh8 23. Rfe1 Qf6 24. Rac1 g4 25. Bg2 f4 26. gxf4 Qxf4 27.
Qe5+ Qxe5 28. Rxe5 Bf5 29. Bxb7 Rad8 30. Be4 Bxe4 31. Rxe4 Rd2 32. Re7 Rdxf2
33. Rcc7 Rf1+ 34. Kg2 R1f2+ 35. Kg1 Rf1+ 36. Kg2 R1f2+ 1/2-1/2

[Event "PRVA LIGA CENTRALNE SRBIJE 2018."]
[Site "Kragujevac,hotel Sumarice"]
[Date "2018.09.15"]
[Round "3.1"]
[White "Irizanin, Radoje"]
[Black "Mladenovic, Stefan"]
[Result "1-0"]
[WhiteElo "2296"]
[BlackElo "2355"]
[PlyCount "123"]
[EventDate "2018.09.14"]
[WhiteTeam "Borac Cacak"]
[BlackTeam "OSK Paracin  Paracin"]

1. d4 Nf6 2. Nf3 e6 3. c3 b6 4. Bf4 Bb7 5. e3 c5 6. Bd3 Be7 7. h3 O-O 8. O-O d6
9. Nbd2 cxd4 10. cxd4 Nc6 11. a3 e5 12. Bh2 Nxd4 13. exd4 e4 14. Nxe4 Nxe4 15.
Re1 Ng5 16. Nxg5 Bxg5 17. Qg4 Bf6 18. Re2 Qc8 19. Bxd6 Qxg4 20. hxg4 Rfd8 21.
Be7 Rxd4 22. Bxf6 Rxd3 23. Bc3 Rd7 24. g5 h6 25. gxh6 gxh6 26. f3 Kh7 27. Kf2
Kg6 28. Rae1 Bd5 29. Re7 Rxe7 30. Rxe7 b5 31. Ke3 a5 32. Rd7 Bc4 33. Kf4 a4 34.
Rd6+ Kh7 35. g4 Re8 36. Rb6 Rd8 37. Kg3 Rg8 38. Kf4 Re8 39. Be5 Rg8 40. Rd6 Re8
41. Kf5 Be6+ 42. Kf4 Bc4 43. Bd4 Rg8 44. Rd7 Re8 45. Kg3 Rg8 46. Kh4 Re8 47. f4
Re4 48. f5 Be2 49. Rxf7+ Kg8 50. Rg7+ Kf8 51. Bc3 b4 52. axb4 Rc4 53. f6 Re4
54. Kh5 Rf4 55. b5 Rf5+ 56. Kxh6 Rxb5 57. g5 Bf3 58. Rc7 Bg4 59. Bd4 Be6 60.
Bc5+ Kg8 61. g6 Kh8 62. f7 1-0

[Event "PRVA LIGA CENTRALNE SRBIJE 2018."]
[Site "Kragujevac,hotel Sumarice"]
[Date "2018.09.15"]
[Round "3.1"]
[White "Cvetanovic, Uros"]
[Black "Marinkovic, Ivan"]
[Result "1/2-1/2"]
[WhiteElo "2295"]
[BlackElo "2459"]
[PlyCount "48"]
[EventDate "2018.09.14"]
[WhiteTeam "OSK Paracin  Paracin"]
[BlackTeam "Borac Cacak"]

1. e4 Nf6 2. Nc3 d5 3. e5 d4 4. exf6 dxc3 5. fxg7 cxd2+ 6. Qxd2 Qxd2+ 7. Bxd2
Bxg7 8. O-O-O O-O 9. Nf3 Nc6 10. Be3 Bg4 11. h3 Bxf3 12. gxf3 Rad8 13. c3 Rxd1+
14. Kxd1 Rd8+ 15. Kc2 Rd6 16. Be2 Kf8 17. Bd3 h5 18. Rg1 b6 19. Rg5 h4 20. Be2
Bf6 21. Rg4 e6 22. Bf4 Ne5 23. Bxe5 Bxe5 24. Rxh4 Bf6 1/2-1/2

[Event "PRVA LIGA CENTRALNE SRBIJE 2018."]
[Site "Kragujevac,hotel Sumarice"]
[Date "2018.09.15"]
[Round "3.1"]
[White "Mirkovic, Stevan"]
[Black "Todorovic, Nenad I"]
[Result "1-0"]
[WhiteElo "2307"]
[BlackElo "2291"]
[PlyCount "109"]
[EventDate "2018.09.14"]
[WhiteTeam "Borac Cacak"]
[BlackTeam "OSK Paracin  Paracin"]

1. Nf3 c5 2. c4 Nc6 3. d4 cxd4 4. Nxd4 g6 5. e4 Nf6 6. Nc3 Nxd4 7. Qxd4 d6 8.
Bg5 Bg7 9. Be2 O-O 10. Qd2 Be6 11. O-O Qa5 12. Rad1 Rfc8 13. b3 Kh8 14. f3 Ng4
15. Na4 Qxd2 16. Rxd2 Bf6 17. Bf4 g5 18. Bg3 Ne5 19. Bf2 Bd7 20. Nb2 a6 21. Nd3
Nxd3 22. Bxd3 b5 23. Rc2 b4 24. Rfc1 a5 25. c5 dxc5 26. Rxc5 a4 27. Rxc8+ Bxc8
28. Be1 axb3 29. axb3 Bd7 30. Bxb4 Rb8 31. Bc3 Rxb3 32. Bxf6+ exf6 33. Bc4 Rb2
34. Bxf7 Kg7 35. Bd5 Kf8 36. Rc7 Ke8 37. Rb7 Rd2 38. Rb8+ Ke7 39. Rh8 Kd6 40.
Rxh7 Bb5 41. h4 gxh4 42. Rxh4 Ke5 43. Bb7 Rb2 44. Bc8 Bd3 45. Bf5 Ra2 46. Kh2
Bf1 47. Bh3 Bd3 48. Rh5+ Kd4 49. Rd5+ Ke3 50. Rd6 Ra6 51. Rxa6 Bxa6 52. Kg3 Bb5
53. Bc8 Bf1 54. Bh3 Be2 55. Kg4 1-0

[Event "PRVA LIGA CENTRALNE SRBIJE 2018."]
[Site "Kragujevac,hotel Sumarice"]
[Date "2018.09.15"]
[Round "3.1"]
[White "Markovic, Milan D"]
[Black "Gavrilovic, Leonardo"]
[Result "1/2-1/2"]
[WhiteElo "2247"]
[BlackElo "2243"]
[PlyCount "77"]
[EventDate "2018.09.14"]
[WhiteTeam "OSK Paracin  Paracin"]
[BlackTeam "Borac Cacak"]

1. Nf3 Nf6 2. g3 c5 3. Bg2 Nc6 4. O-O e5 5. c4 d5 6. cxd5 Nxd5 7. Nc3 Nb6 8. b3
Be6 9. Bb2 Be7 10. Rc1 O-O 11. d3 Rc8 12. Ne4 Nd7 13. h4 h6 14. Qc2 f5 15. Nc3
Qe8 16. e3 Qg6 17. Ne2 Bd6 18. Rfd1 Nf6 19. Qd2 Rcd8 20. Qc2 Rc8 21. Qb1 f4 22.
d4 Qxb1 23. Rxb1 e4 24. Ne5 f3 25. Nf4 Bxb3 26. axb3 fxg2 27. Nxc6 Rxc6 28. d5
Rcc8 29. Ne6 Rf7 30. Bxf6 gxf6 31. Ra1 b5 32. Ra6 Be5 33. Rc6 Rxc6 34. dxc6 c4
35. bxc4 bxc4 36. Rd8+ Kh7 37. Rd7 Kg8 38. Rd8+ Kh7 39. Rd7 1/2-1/2

[Event "PRVA LIGA CENTRALNE SRBIJE 2018."]
[Site "Kragujevac,hotel Sumarice"]
[Date "2018.09.15"]
[Round "3.1"]
[White "Radosavljevic, Slobodan S"]
[Black "Dimitrijevic, Nenad"]
[Result "0-1"]
[WhiteElo "2106"]
[BlackElo "2216"]
[PlyCount "222"]
[EventDate "2018.09.14"]
[WhiteTeam "Borac Cacak"]
[BlackTeam "OSK Paracin  Paracin"]

1. d4 Nf6 2. c4 e6 3. Nf3 d5 4. Nc3 Be7 5. Bg5 O-O 6. e3 c6 7. Be2 Ne4 8. Bxe7
Qxe7 9. Nxe4 dxe4 10. Nd2 e5 11. dxe5 Qxe5 12. Qc2 Bf5 13. O-O Nd7 14. Nb3 c5
15. Rfd1 Be6 16. Rd2 b6 17. Rad1 Nf6 18. a4 h5 19. Rd6 Qg5 20. Nd2 Qe5 21. Nb1
Rab8 22. Nc3 a6 23. Qb3 Kh7 24. h3 g5 25. Qc2 Kg7 26. b3 g4 27. hxg4 hxg4 28.
g3 Rfe8 29. Bf1 Bf5 30. Ne2 Re6 31. Rxe6 fxe6 32. Nf4 Qc7 33. Bg2 Kf7 34. Qd2
Ke7 35. Kf1 b5 36. axb5 axb5 37. Ke1 bxc4 38. bxc4 Rb4 39. Bf1 Qb8 40. Be2 Rb2
41. Qc3 Qb4 42. Qxb4 cxb4 43. c5 Rc2 44. Rb1 Rxc5 45. Rxb4 Rc1+ 46. Kd2 Ra1 47.
Bd1 Nh7 48. Ra4 Rb1 49. Ra7+ Kf6 50. Kc2 Rb8 51. Bxg4 Ng5 52. Bxf5 Kxf5 53. Ne2
e5 54. Nc3 Rc8 55. Kb3 Rd8 56. Ra2 Kg4 57. Ra5 Re8 58. Ra6 Rf8 59. Nd1 Kf3 60.
Rd6 Ke2 61. Rd5 Nf3 62. Nc3+ Kxf2 63. Nxe4+ Kxe3 64. Nc5 Rg8 65. Rd3+ Ke2 66.
Kc4 Rxg3 67. Rd8 Rg4+ 68. Kc3 e4 69. Nxe4 Rxe4 70. Rd7 Ne5 71. Rd8 Rc4+ 72. Kb3
Re4 73. Kc3 Ke3 74. Re8 Rc4+ 75. Kb3 Rc5 76. Kb4 Rd5 77. Rh8 Nd3+ 78. Kb3 Nf4
79. Kc4 Rd7 80. Kc5 Rc7+ 81. Kd6 Rg7 82. Rh1 Kd4 83. Rd1+ Nd3 84. Ke6 Ke4 85.
Kf6 Ra7 86. Rd2 Ra6+ 87. Kg5 Nf4 88. Rb2 Rg6+ 89. Kh4 Nd3 90. Ra2 Kf5 91. Ra5+
Ne5 92. Ra8 Rg4+ 93. Kh3 Rg7 94. Rf8+ Nf7 95. Ra8 Ne5 96. Rf8+ Ke4 97. Re8 Rg5
98. Rf8 Rg1 99. Kh2 Rg7 100. Kh3 Nd3 101. Re8+ Kf3 102. Rf8+ Nf4+ 103. Kh2 Rg4
104. Rf7 Kf2 105. Rh7 Rg3 106. Rh8 Rf3 107. Rh4 Nd5 108. Rh3 Rf5 109. Ra3 Rh5+
110. Rh3 Rg5 111. Rh6 Ne3 0-1

[Event "PRVA LIGA CENTRALNE SRBIJE 2018."]
[Site "Kragujevac"]
[Date "2018.09.15"]
[Round "3.2"]
[White "Ristic, Nenad"]
[Black "Petkov, Vladimir"]
[Result "1/2-1/2"]
[WhiteElo "2359"]
[BlackElo "2510"]
[PlyCount "21"]
[EventDate "2018.??.??"]

1. d4 d5 2. Nf3 Nf6 3. c4 dxc4 4. e3 a6 5. Bxc4 e6 6. O-O c5 7. Nc3 Nc6 8. Qe2
cxd4 9. Rd1 Be7 10. exd4 O-O 11. a3 1/2-1/2

[Event "PRVA LIGA CENTRALNE SRBIJE 2018."]
[Site "Kragujevac"]
[Date "2018.09.15"]
[Round "3.3"]
[White "Csonka, Balazs"]
[Black "Rakhmanov, Aleksandr"]
[Result "0-1"]
[WhiteElo "2450"]
[BlackElo "2647"]
[Annotator "Balkanchess"]
[PlyCount "168"]
[EventDate "2018.??.??"]
[WhiteClock "0:01:01"]
[BlackClock "0:30:57"]

1. e4 e6 2. d4 d5 3. Nd2 dxe4 4. Nxe4 Bd7 5. Nf3 Bc6 6. Bd3 Nd7 7. c3 Be7 8.
O-O Ngf6 9. Nxf6+ Bxf6 10. Qe2 O-O 11. Bf4 Bxf3 12. Qxf3 c6 13. Rad1 a5 14.
Rfe1 g6 15. g3 Bg7 16. h4 Nf6 17. Bg5 h6 18. Bxf6 Qxf6 19. Qxf6 Bxf6 20. Kg2
Rfd8 21. Be4 Rd6 22. a4 Rad8 23. Bf3 h5 24. Rb1 R6d7 25. Ra1 Kf8 26. Kf1 Ke7
27. Red1 Kd6 28. Ke2 Kc7 29. Kf1 Bg7 30. Ke2 Bf8 31. Kf1 Bh6 32. Be2 Bf8 33.
Bf3 Kc8 34. Be2 Bd6 35. Bc4 Bc7 36. Be2 Rd6 37. Bf3 R8d7 38. Be2 Kd8 39. Ke1
Ke7 40. Kf1 Rd8 41. Ke1 Rb8 42. Kf1 Kf6 43. Ra3 Bd8 44. Raa1 Bb6 45. Bf3 Rbd8
46. Be2 Ke7 47. Rab1 R6d7 48. Bf3 Kf8 49. Ke2 e5 50. b4 exd4 51. cxd4 axb4 52.
Rxb4 Bxd4 53. a5 Bc3 54. Rxd7 Rxd7 55. Ra4 Rd2+ 56. Kf1 Bd4 57. Be2 c5 58. f4
Rb2 59. a6 bxa6 60. Rxa6 Rb1+ 61. Kg2 Rg1+ 62. Kf3 Bc3 63. Kf2 Rc1 64. Rc6 Be1+
65. Kg2 Rc2 66. Kf1 Bxg3 67. f5 gxf5 68. Rf6 Bxh4 69. Rxf5 f6 70. Rxh5 Bg3 71.
Rh8+ Ke7 72. Rc8 Be5 73. Ke1 Bc3+ 74. Kf1 Bd4 75. Ke1 Kd7 76. Bg4+ Kd6 77. Kd1
Rf2 78. Be2 f5 79. Re8 f4 80. Rf8 Be3 81. Rd8+ Ke5 82. Re8+ Kd4 83. Rd8+ Kc3
84. Rd3+ Kb4 0-1

[Event "PRVA LIGA CENTRALNE SRBIJE 2018."]
[Site "Kragujevac"]
[Date "2018.09.15"]
[Round "3.3"]
[White "Damljanovic, Branko"]
[Black "Stankovic, Milos"]
[Result "1-0"]
[WhiteElo "2470"]
[BlackElo "2443"]
[Annotator "Balkanchess"]
[PlyCount "69"]
[EventDate "2018.??.??"]
[WhiteClock "0:06:39"]
[BlackClock "0:03:35"]

1. Nf3 Nf6 2. c4 g6 3. Nc3 d5 4. cxd5 Nxd5 5. h4 Bg7 6. h5 Nc6 7. h6 Bf6 8. Ne4
e5 9. d3 Be7 10. e3 Be6 11. Be2 f5 12. Nc3 Bf6 13. O-O O-O 14. e4 Nf4 15. Bxf4
exf4 16. exf5 Bxf5 17. Qb3+ Kh8 18. Qxb7 Qd7 19. Ne4 Rab8 20. Nxf6 Rxf6 21. Qa6
Rxb2 22. Rfe1 Qd6 23. Rac1 Rb6 24. Qc4 Be6 25. Qc3 Bd5 26. Ng5 Qe5 27. Qxe5
Nxe5 28. Rxc7 Bg8 29. d4 Nf7 30. Nxf7+ Rxf7 31. Rc8 Re7 32. Kf1 Rbe6 33. d5 Re8
34. dxe6 Rxc8 35. Bb5 1-0

[Event "PRVA LIGA CENTRALNE SRBIJE 2018."]
[Site "Kragujevac"]
[Date "2018.09.15"]
[Round "3.3"]
[White "Dudukovic, Nikola"]
[Black "Nestorovic, Nikola"]
[Result "0-1"]
[WhiteElo "2404"]
[BlackElo "2453"]
[PlyCount "78"]
[EventDate "2018.??.??"]

1. Nf3 d5 2. d4 Nf6 3. c4 c6 4. e3 Bf5 5. Nc3 e6 6. Be2 h6 7. O-O Nbd7 8. b3
Bd6 9. Bb2 O-O 10. h3 Ne4 11. a3 a5 12. Bd3 Ndf6 13. Ne2 Bh7 14. Ne5 Ng5 15.
Ng3 Nfe4 16. Bxe4 Nxe4 17. Nxe4 Bxe4 18. c5 Bc7 19. f3 Bh7 20. Bc3 Qe7 21. f4
f6 22. Ng4 h5 23. Nf2 Qe8 24. Qd2 h4 25. Ng4 Bf5 26. Nh2 Qh5 27. Qd1 Qg6 28.
Nf3 Qh6 29. Qc1 Rf7 30. Be1 Bd3 31. Bxh4 Bxf1 32. Qxf1 e5 33. dxe5 fxe5 34. Bg5
Qg6 35. g3 Re8 36. Nh4 Qe4 37. Qe2 exf4 38. Qh5 Qxe3+ 39. Kh1 Qxg3 0-1

[Event "PRVA LIGA CENTRALNE SRBIJE 2018."]
[Site "Kragujevac"]
[Date "2018.09.15"]
[Round "3.3"]
[White "Ostojic, Nikola"]
[Black "Nestorovic, Dejan"]
[Result "1/2-1/2"]
[WhiteElo "2441"]
[BlackElo "2340"]
[PlyCount "29"]
[EventDate "2018.??.??"]

1. Nf3 Nf6 2. g3 d5 3. Bg2 c6 4. d3 Bg4 5. h3 Bh5 6. Nbd2 Nbd7 7. O-O e5 8. e4
dxe4 9. dxe4 Bc5 10. Qe1 O-O 11. Nc4 Re8 12. b4 Bf8 13. Bb2 Qc7 14. a4 Bg6 15.
Nh4 1/2-1/2

[Event "PRVA LIGA CENTRALNE SRBIJE 2018."]
[Site "Kragujevac"]
[Date "2018.09.15"]
[Round "3.3"]
[White "Markovic, Zoran S"]
[Black "Nestorovic, Lazar"]
[Result "1-0"]
[WhiteElo "2346"]
[BlackElo "2353"]
[Annotator "Balkanchess"]
[PlyCount "111"]
[EventDate "2018.??.??"]
[WhiteClock "0:34:20"]
[BlackClock "0:33:38"]

1. e4 c5 2. Nf3 d6 3. d4 cxd4 4. Nxd4 Nf6 5. Nc3 a6 6. Be2 Nbd7 7. Be3 Nc5 8.
f3 e6 9. Qd2 Be7 10. g4 O-O 11. g5 Ne8 12. h4 Nc7 13. O-O-O Bd7 14. Nf5 exf5
15. Bxc5 Nb5 16. Bxb5 axb5 17. Bxd6 Be6 18. exf5 Bxf5 19. a3 Ra6 20. Bxe7 Qxe7
21. Rhe1 Be6 22. Nd5 Qc5 23. Qb4 Qxb4 24. Nxb4 Rb6 25. Rd4 f6 26. f4 Kf7 27. c3
Kg6 28. Nd5 Bxd5 29. Rxd5 fxg5 30. Rxg5+ Kh6 31. f5 Rc6 32. Re7 g6 33. fxg6
hxg6 34. Rxb5 b6 35. Ree5 Rc4 36. h5 Rf6 37. hxg6 Kxg6 38. Rg5+ Kf7 39. Rgf5
Rxf5 40. Rxf5+ Ke6 41. Rb5 Rc6 42. Rh5 Kd7 43. Rh7+ Kc8 44. Kc2 Rc5 45. b4 Rg5
46. Kb3 Kb8 47. a4 Rf5 48. Kc4 Rg5 49. Rd7 Rh5 50. Rd5 Rh7 51. Kb5 Kb7 52. c4
Rg7 53. a5 bxa5 54. Kxa5 Kc6 55. b5+ Kc7 56. Rh5 1-0

[Event "PRVA LIGA CENTRALNE SRBIJE 2018."]
[Site "Kragujevac"]
[Date "2018.09.15"]
[Round "3.3"]
[White "Zivkovic, Sava"]
[Black "Dimitrijevic, Radmilo"]
[Result "1-0"]
[WhiteElo "2305"]
[BlackElo "2247"]
[PlyCount "83"]
[EventDate "2018.??.??"]

1. e4 c5 2. Nf3 e6 3. d4 cxd4 4. Nxd4 Nc6 5. Nc3 d6 6. g3 Nf6 7. Bg2 Be7 8. O-O
O-O 9. Nb3 a6 10. a4 Na5 11. Nxa5 Qxa5 12. Bd2 Qc7 13. a5 Nd7 14. Na4 Rb8 15.
f4 Nc5 16. Nb6 Nd7 17. Be3 Nxb6 18. Bxb6 Qc6 19. Ra3 Bd8 20. Qd4 Bxb6 21. Qxb6
Bd7 22. Rc3 Qxb6+ 23. axb6 Bb5 24. Rd1 Rfd8 25. Rc7 Bc6 26. c4 a5 27. e5 d5 28.
f5 Ra8 29. fxe6 fxe6 30. cxd5 exd5 31. e6 Rd6 32. Bh3 Re8 33. Rd4 Rf8 34. e7
Re8 35. Bc8 Kf7 36. Rf4+ Kg8 37. Bxb7 Bxb7 38. Rxb7 Re6 39. Ra4 R6xe7 40. Rxe7
Rxe7 41. Rxa5 Rb7 42. Ra8+ 1-0

[Event "PRVA LIGA CENTRALNE SRBIJE 2018."]
[Site "Kragujevac"]
[Date "2018.09.15"]
[Round "3.4"]
[White "Zivanovic, Bojan"]
[Black "Ignjatovic, Predrag"]
[Result "0-1"]
[WhiteElo "2093"]
[BlackElo "2246"]
[PlyCount "108"]
[EventDate "2018.??.??"]

1. e4 e5 2. Nc3 Nf6 3. Nf3 Nc6 4. Bc4 Bc5 5. d3 h6 6. O-O O-O 7. a3 d6 8. h3
Be6 9. Nd5 Bxd5 10. Bxd5 Nxd5 11. exd5 Ne7 12. c4 Ng6 13. Be3 Bxe3 14. fxe3 f5
15. b4 Qd7 16. Qb3 Kh7 17. Rac1 Rad8 18. Rc2 c6 19. Qa4 Ne7 20. dxc6 bxc6 21.
b5 c5 22. Re2 g5 23. d4 cxd4 24. exd4 e4 25. Nh2 Ng6 26. g3 Qc7 27. Qb3 Rde8
28. Rfe1 Rc8 29. Rc2 Qe7 30. Rce2 Qe6 31. g4 Nf4 32. Re3 Qxc4 33. Qxc4 Rxc4 34.
gxf5 d5 35. Rb1 Rxf5 36. Ng4 h5 37. Ne5 Rxd4 38. Nc6 Ra4 39. Rd1 g4 40. hxg4
hxg4 41. Rf1 Kg7 42. Kh2 Kf6 43. Rb1 Kg5 44. b6 axb6 45. Rxb6 Rf6 46. Rb4 Rxb4
47. Nxb4 Kf5 48. Nc2 Rh6+ 49. Kg1 g3 50. Nd4+ Kg4 51. Rxg3+ Kxg3 52. Nf5+ Kf3
53. Nxh6 e3 54. Nf5 e2 0-1

[Event "PRVA LIGA CENTRALNE SRBIJE 2018."]
[Site "Kragujevac"]
[Date "2018.09.15"]
[Round "3.5"]
[White "Parligras, Mircea-Emilian"]
[Black "Soysal, Serkan"]
[Result "1/2-1/2"]
[WhiteElo "2623"]
[BlackElo "2404"]
[Annotator "Balkanchess"]
[PlyCount "71"]
[EventDate "2018.??.??"]
[WhiteClock "0:14:00"]
[BlackClock "0:01:44"]

1. d4 d5 2. c4 c6 3. Nf3 Nf6 4. Nc3 dxc4 5. a4 Bf5 6. Ne5 Nbd7 7. Nxc4 Nb6 8.
Ne3 Bg6 9. g3 a5 10. Bg2 e6 11. O-O Bb4 12. Nc2 O-O 13. e3 e5 14. Nxb4 axb4 15.
Ne2 exd4 16. exd4 Re8 17. Nf4 Be4 18. Bh3 Qd6 19. Be3 Nfd5 20. Qb3 Nxf4 21.
Bxf4 Qxd4 22. Rfd1 Qc4 23. Qxc4 Nxc4 24. Rd4 Bd5 25. Bf1 b5 26. b3 Na5 27. axb5
Nxb3 28. Rxa8 Rxa8 29. Rd1 Na5 30. Bd2 Bf3 31. Ra1 cxb5 32. Bxb4 Nc4 33. Rxa8+
Bxa8 34. Bxc4 bxc4 35. Kf1 g5 36. Ke2 1/2-1/2

[Event "PRVA LIGA CENTRALNE SRBIJE 2018."]
[Site "Kragujevac"]
[Date "2018.09.15"]
[Round "3.5"]
[White "Radovanovic, Nikola"]
[Black "Zajic, Milan"]
[Result "1/2-1/2"]
[WhiteElo "2420"]
[BlackElo "2497"]
[Annotator "Balkanchess"]
[PlyCount "22"]
[EventDate "2018.??.??"]
[WhiteClock "1:31:55"]
[BlackClock "0:57:01"]

1. d4 Nf6 2. c4 e6 3. Nc3 Bb4 4. Bd2 b6 5. e4 Bxc3 6. Bxc3 Nxe4 7. Qg4 Nxc3 8.
Qxg7 Ke7 9. Qg5+ Ke8 10. Qg7 Ke7 11. Qg5+ Ke8 1/2-1/2

[Event "PRVA LIGA CENTRALNE SRBIJE 2018."]
[Site "Kragujevac"]
[Date "2018.09.15"]
[Round "3.5"]
[White "Perunovic, Miodrag"]
[Black "Barlov, Dragan"]
[Result "0-1"]
[WhiteElo "2433"]
[BlackElo "2414"]
[Annotator "Balkanchess"]
[PlyCount "120"]
[EventDate "2018.??.??"]
[WhiteClock "0:00:32"]
[BlackClock "0:02:34"]

1. d4 Nf6 2. c4 e6 3. Nf3 Bb4+ 4. Nbd2 b6 5. g3 Bb7 6. Bg2 O-O 7. O-O Bxd2 8.
Qxd2 d6 9. b3 Nbd7 10. Bb2 Qe7 11. Bh3 Rad8 12. Rad1 Rfe8 13. Rfe1 c5 14. d5
exd5 15. cxd5 Ne4 16. Qf4 Ndf6 17. Qc1 Nxd5 18. Nh4 f6 19. Bg2 Qe6 20. f3 Ng5
21. e4 Ne7 22. Bf1 Kh8 23. Qc3 Qc8 24. Bc4 Rf8 25. Qc1 Nf7 26. Re3 Ne5 27. Be2
Ba6 28. Qc2 Bxe2 29. Qxe2 Qe6 30. f4 Nf7 31. Qh5 Kg8 32. Rde1 Qc8 33. f5 d5 34.
exd5 Nxd5 35. R3e2 c4 36. bxc4 Qxc4 37. Nf3 Nb4 38. Re4 Qc5+ 39. Bd4 Rxd4 40.
Nxd4 Ng5 41. Kg2 Nc2 42. Nxc2 Nxe4 43. Rxe4 Qxc2+ 44. Re2 Qc4 45. Kh3 Qf7 46.
Qg4 Rc8 47. Re6 h6 48. Qe2 Rc7 49. Kh4 Kh7 50. Kh3 Rd7 51. Kg2 Rd5 52. Re7 Rd2
53. Qxd2 Qxe7 54. Qd5 Qe2+ 55. Kh3 b5 56. Qf7 a5 57. a3 b4 58. axb4 axb4 59. g4
Qe3+ 60. Kg2 b3 0-1

[Event "PRVA LIGA CENTRALNE SRBIJE 2018."]
[Site "Kragujevac"]
[Date "2018.09.15"]
[Round "3.5"]
[White "Pavlovic, Dejan S"]
[Black "Radovic, Luka"]
[Result "1-0"]
[WhiteElo "2396"]
[BlackElo "2342"]
[Annotator "Balkanchess"]
[PlyCount "91"]
[EventDate "2018.??.??"]
[WhiteClock "0:29:46"]
[BlackClock "0:29:11"]

1. e4 c5 2. Nf3 d6 3. d4 cxd4 4. Nxd4 Nf6 5. Nc3 a6 6. Be2 e5 7. Nb3 Be7 8. Bg5
Nbd7 9. a4 O-O 10. a5 h6 11. Bh4 b5 12. axb6 Qxb6 13. O-O Bb7 14. Qd3 Rfd8 15.
Na5 Nc5 16. Qe3 Qb4 17. Nxb7 Qxb7 18. Bxf6 Bxf6 19. Bc4 Bg5 20. Qf3 Ra7 21. b3
Ne6 22. Rfd1 Nd4 23. Qd3 a5 24. Ra4 Ne6 25. Ra2 Nc5 26. Qf3 Ne6 27. g3 Nd4 28.
Qd3 Qc8 29. Nd5 Kh8 30. f4 Be7 31. c3 Ne6 32. f5 Nc5 33. Qf3 Qb7 34. Kg2 Rc8
35. Rda1 Nxb3 36. Bxb3 Qxb3 37. Rxa5 Rb7 38. R1a2 Bd8 39. f6 Bxa5 40. fxg7+
Kxg7 41. Qg4+ Kh7 42. Nf6+ Kh8 43. Qxc8+ Kg7 44. Nh5+ Kh7 45. Qf5+ Kg8 46. Rxa5
1-0

[Event "PRVA LIGA CENTRALNE SRBIJE 2018."]
[Site "Kragujevac,hotel Sumarice"]
[Date "2018.09.15"]
[Round "3.6"]
[White "Draskovic, Luka"]
[Black "Savicevic, Vlatko"]
[Result "1/2-1/2"]
[WhiteElo "2449"]
[BlackElo "2338"]
[PlyCount "58"]
[EventDate "2018.09.14"]
[WhiteTeam "Mladost Lucani"]
[BlackTeam "Trepca Kosovska Mitrovica"]

1. e4 d6 2. d4 Nf6 3. Nc3 g6 4. Nf3 Bg7 5. Be2 O-O 6. O-O Bg4 7. Be3 Nc6 8. d5
Bxf3 9. Bxf3 Ne5 10. Be2 c6 11. f4 Ned7 12. dxc6 bxc6 13. Qd2 Re8 14. Rab1 Qc7
15. Rfd1 Nb6 16. b4 Qc8 17. h3 e5 18. Qxd6 exf4 19. Qxf4 Nfd7 20. Rb3 Ne5 21.
a4 Rd8 22. Rf1 Qe6 23. a5 Nbc4 24. Bc1 Rab8 25. Kh1 Bf8 26. Na2 Bg7 27. Nc3 Qe7
28. Na2 Qe6 29. Nc3 Qe7 1/2-1/2

[Event "PRVA LIGA CENTRALNE SRBIJE 2018."]
[Site "Kragujevac,hotel Sumarice"]
[Date "2018.09.15"]
[Round "3.6"]
[White "Simic, Dragisa"]
[Black "Djordjevic, Vuk"]
[Result "0-1"]
[WhiteElo "2299"]
[BlackElo "2404"]
[PlyCount "104"]
[EventDate "2018.09.14"]
[WhiteTeam "Trepca Kosovska Mitrovica"]
[BlackTeam "Mladost Lucani"]

1. e4 d5 2. exd5 Qxd5 3. Nc3 Qd6 4. d4 Nf6 5. Nf3 c6 6. Bd3 Bg4 7. Ne4 Nxe4 8.
Bxe4 Nd7 9. h3 Bh5 10. c3 e6 11. O-O Qc7 12. Re1 Bd6 13. Qc2 Nf6 14. Ne5 Nxe4
15. Qxe4 O-O 16. Qh4 Bg6 17. Nxg6 hxg6 18. Qe4 Rfd8 19. Bg5 Be7 20. Bxe7 Qxe7
21. Qg4 Rd5 22. Re2 Rad8 23. Rae1 c5 24. dxc5 Qxc5 25. Qe4 b6 26. g3 a5 27. Kg2
Rd2 28. Rxd2 Rxd2 29. Re2 Rd8 30. h4 Rd1 31. Qa8+ Kh7 32. Qe4 Rd7 33. Qg4 Rd5
34. Qf3 Qc7 35. b3 b5 36. Rc2 Rc5 37. Qd3 Qc6+ 38. Qf3 Qc7 39. Qd3 f5 40. c4
Kg8 41. Re2 bxc4 42. bxc4 Qc6+ 43. Qf3 Rxc4 44. Qxc6 Rxc6 45. Re5 a4 46. Ra5
Rc4 47. Ra7 e5 48. a3 e4 49. Kf1 Kh7 50. Kg2 Kh6 51. Ra6 Kh5 52. Ra7 g5 0-1

[Event "PRVA LIGA CENTRALNE SRBIJE 2018."]
[Site "Kragujevac,hotel Sumarice"]
[Date "2018.09.15"]
[Round "3.6"]
[White "Radovanovic, Mihajlo"]
[Black "Gajic, Mladen"]
[Result "0-1"]
[WhiteElo "2427"]
[BlackElo "2291"]
[PlyCount "64"]
[EventDate "2018.09.14"]
[WhiteTeam "Mladost Lucani"]
[BlackTeam "Trepca Kosovska Mitrovica"]

1. Nf3 g6 2. d4 Bg7 3. c4 d6 4. Nc3 e5 5. g3 Nd7 6. Bg2 Ne7 7. O-O O-O 8. dxe5
dxe5 9. Qc2 Nc5 10. Be3 Bf5 11. Qc1 Ne4 12. Rd1 Nxc3 13. Qxc3 Qc8 14. Ng5 h6
15. Ne4 a5 16. Nc5 Rb8 17. Qa3 b6 18. Ne4 Qe6 19. c5 Rfd8 20. cxb6 cxb6 21.
Rxd8+ Rxd8 22. Bxb6 Qxb6 23. Qxe7 Rd4 24. Qc5 Qxb2 25. Qc3 Qxe2 26. Qe1 Rxe4
27. Bxe4 Qxe4 28. Qxe4 Bxe4 29. Rc1 Bf8 30. Re1 Bd3 31. Rxe5 a4 32. Ra5 a3 0-1

[Event "PRVA LIGA CENTRALNE SRBIJE 2018."]
[Site "Kragujevac,hotel Sumarice"]
[Date "2018.09.15"]
[Round "3.6"]
[White "Mijailovic, Zoran"]
[Black "Djosic, Slavoljub"]
[Result "1/2-1/2"]
[WhiteElo "2400"]
[BlackElo "2315"]
[PlyCount "94"]
[EventDate "2018.09.14"]
[WhiteTeam "Mladost Lucani"]
[BlackTeam "Trepca Kosovska Mitrovica"]

1. d4 g6 2. e4 Bg7 3. c4 d6 4. Nc3 b6 5. Nf3 Bb7 6. Be2 Nd7 7. O-O e6 8. Be3
Ne7 9. Qd2 Nf6 10. d5 h6 11. Nd4 e5 12. Nc2 g5 13. b4 Ng6 14. c5 O-O 15. cxd6
Qxd6 16. b5 Bc8 17. a3 Ne8 18. Nb4 f5 19. exf5 Bxf5 20. g4 Bc8 21. Ne4 Qd7 22.
Rac1 Bb7 23. Nc6 Nd6 24. Nxd6 Qxd6 25. Qb4 Qf6 26. Bd3 Rf7 27. Qe4 Nf4 28. Bxf4
Qxf4 29. f3 Qxe4 30. Bxe4 Bxc6 31. Rxc6 Rd8 32. Bf5 Re7 33. Be6+ Kf8 34. Rfc1
e4 35. Rxc7 Bd4+ 36. Kg2 exf3+ 37. Kxf3 Bc5 38. Rc6 Kg7 39. Kg2 Rf8 40. Rf1
Rxf1 41. Kxf1 Kf6 42. a4 Ke5 43. Rc8 Rh7 44. Kg2 Bd6 45. Kf3 Rc7 46. Rxc7 Bxc7
47. Ke3 Bd6 1/2-1/2

[Event "PRVA LIGA CENTRALNE SRBIJE 2018."]
[Site "Kragujevac,hotel Sumarice"]
[Date "2018.09.15"]
[Round "3.6"]
[White "Vuksanovic, Zvezdan"]
[Black "Rajkovic, Mladen"]
[Result "0-1"]
[WhiteElo "2158"]
[BlackElo "2304"]
[PlyCount "118"]
[EventDate "2018.09.14"]
[WhiteTeam "Trepca Kosovska Mitrovica"]
[BlackTeam "Mladost Lucani"]

1. Nf3 d5 2. g3 g6 3. Bg2 Bg7 4. d3 e5 5. O-O Ne7 6. Nbd2 O-O 7. c4 c6 8. Rb1
a5 9. b3 h6 10. Bb2 Qd6 11. Qc1 Be6 12. a3 Nd7 13. b4 axb4 14. axb4 b5 15. c5
Qc7 16. Ra1 f5 17. Qc2 d4 18. Nb3 Nd5 19. Qd2 Ra4 20. Rxa4 bxa4 21. Na5 Rb8 22.
Ba3 Rb5 23. Nc4 Nc3 24. Nd6 Rb8 25. e3 Nf8 26. exd4 exd4 27. Re1 Nb5 28. Nxb5
cxb5 29. Bb2 Rd8 30. Nh4 g5 31. Ng6 Re8 32. Nxf8 Kxf8 33. Qc1 Kf7 34. Qd1 Kf8
35. Qf3 Qd7 36. h4 Bf6 37. Bc1 Kg7 38. hxg5 hxg5 39. Bb2 Bd5 40. Qd1 Rh8 41. f3
Kg6 42. Qe2 f4 43. Qf2 fxg3 44. Qxg3 Qf5 45. f4 Bxg2 46. Qxg2 Rh4 47. Qe4 Rg4+
48. Kh2 Rxf4 49. Qxf5+ Kxf5 50. Kg2 Rg4+ 51. Kf2 Rh4 52. Rg1 Be5 53. Rg2 Rh3
54. Ke2 g4 55. Rf2+ Kg5 56. Rg2 Kh5 57. Rf2 Re3+ 58. Kd2 g3 59. Rg2 Kg4 0-1